Statistics for Kahlil quiz 2023

Click here to take the quiz!

General Stats

  • This quiz has been taken 7 times
  • The average score is 6 of 8

Answer Stats

HintAnswer% Correct
My favourite sport 3 years agoBasketball
100%
what is my eye colourblack
100%
shoe size10.5
75%
My height5.8
75%
What is my secound Favourite date of the yearJune 4
75%
Who is my favourite 2 cousinsKanan ziel
75%
Favorite none sport hobbySky zone
75%
favourite 2 rappersddg baby rich
25%

Score Distribution

Percentile by Number Answered

Percent of People with Each Score

Your Score History

You have not taken this quiz